000 00597nam a2200181Ia 4500
008 090630s9999 xx 000 0 und d
082 _b19358
100 _aतेंडूलकर विजय.
245 _aनाटक आणि मी.
_cतेंडूलकर विजय.
260 _bडिंपल - वसई.
_c1997
300 _a228
600 _aतेंडूलकर विजय.
630 _aनाटक आणि मी.
655 _aइतर.
700 _aतेंडूलकर विजय.
730 _aनाटक आणि मी.
942 _cBOOK
999 _c271214
_d271214